Women and employment : a lifetime perspective : the report of the 1980 DE/OPCS women and employment survey

Αποθηκεύτηκε σε:
Λεπτομέρειες βιβλιογραφικής εγγραφής
Κύριος συγγραφέας: Martin, Jean 1926-
Συλλογικό Έργο: Great Britain Office of Population Censuses and Surveys Social Survey Division, Great Britain Dept. of Employment Social Science Branch
Άλλοι συγγραφείς: Roberts, Ceridwen
Μορφή: Βιβλίο
Γλώσσα:English
Δημοσίευση: London : Her Majesty's stationary office, c1984
Θέματα:
Ετικέτες: Προσθήκη ετικέτας
Δεν υπάρχουν, Καταχωρήστε ετικέτα πρώτοι!

MARC

LEADER 00000nam a2200000 i 4500
001 1/70756
008 990226s1984 eng d
020 |a 0-11-691090-9 
035 |l 10048181 
040 |a GR-MY-UA  |b gre  |e aacr 
041 0 |a eng 
082 0 |a 331.40941 
100 1 |a Martin, Jean  |d 1926- 
245 1 0 |a Women and employment :  |b a lifetime perspective : the report of the 1980 DE/OPCS women and employment survey /  |c Jean Martin, Ceridwen Roberts 
260 |a London :   |b Her Majesty's stationary office,   |c c1984 
300 |a 194 p. 
504 |a Bibliography: p. 193-[195] 
650 0 0 |a Women  |x Employment  |z Great Britain  |x Statistics. 
700 1 |a Roberts, Ceridwen. 
710 2 |a Great Britain  |b Office of Population Censuses and Surveys  |b Social Survey Division. 
710 2 |a Great Britain  |b Dept. of Employment  |b Social Science Branch. 
852 |a INST  |b LESVOS  |e 19990226  |h 331.40941 MAR  |p 005100016913  |q 005100016913  |t BK  |y 0 
901 |a BIBL-1999-1 
909 |a Λ  |b 061291 
922 |a 1ΕΛΗ  |b 199811  |c ΚΠΣ/ΤΚ  |d ΠΑΠΑΣΩΤΗΡΙΟΥ 
950 |a 103-1998-07-27